000 00227nam a2200097Ia 4500
008 191206s9999 xx 000 0 und d
090 _aHM22F79T57
245 0 _aSociologism and extentialism
260 _aSpectrum
260 _cc1962
999 _c16921
_d16921